[Event "Aracaju op"]
[Site "Aracaju"]
[Date "2024.10.20"]
[Round "6"]
[White "Lima, Eric dos Santos"]
[Black "Santos Da Silva, Joao I Pinheiro"]
[Result "1/2-1/2"]
[WhiteElo "1800"]
[BlackElo "1596"]
[PlyCount "65"]
[EventDate "2024.10.18"]
[EventType "swiss"]
[EventRounds "6"]
[EventCountry "BRA"]
[SourceTitle "CB44_2024"]
[Source "Chessbase"]
[SourceDate "2024.10.30"]
[SourceVersion "1"]
[SourceVersionDate "2024.10.30"]
[SourceQuality "1"]

1. e4 e6 2. d3 d5 3. Nd2 Nc6 4. Ngf3 Nf6 5. g3 dxe4 6. dxe4 e5 7. c3 Bg4 8. Bg2 Qd7 9. 0-0 0-0-0 10. Qe2 Qd3 11. Qxd3 Rxd3 12. h3 Bxf3 13. Bxf3 Be7 14. Be2 Rd6 15. Nc4 Rd7 16. Be3 h5 17. Bf3 Kb8 18. Rad1 Rhd8 19. Rxd7 Rxd7 20. Re1 g6 21. Bg2 a6 22. f4 exf4 23. Bxf4 Bc5+ 24. Kf1 Nh7 25. h4 f6 26. e5 fxe5 27. Bxc6 bxc6 28. Nxe5 Rd6 29. Kg2 Kb7 30. Nc4 Rf6 31. Ne5 Nf8 32. Be3 Bxe3 33. Rxe3 1/2-1/2

[Event "Aracaju op"]
[Site "Aracaju"]
[Date "2024.10.20"]
[Round "5"]
[White "Matos, Nikolas Nunes"]
[Black "Lima, Eric dos Santos"]
[Result "1/2-1/2"]
[WhiteElo "1590"]
[BlackElo "1800"]
[PlyCount "59"]
[EventDate "2024.10.18"]
[EventType "swiss"]
[EventRounds "6"]
[EventCountry "BRA"]
[SourceTitle "CB44_2024"]
[Source "Chessbase"]
[SourceDate "2024.10.30"]
[SourceVersion "1"]
[SourceVersionDate "2024.10.30"]
[SourceQuality "1"]

1. d4 Nf6 2. c4 g6 3. Nc3 Bg7 4. Nf3 0-0 5. e4 d6 6. Be2 Nbd7 7. 0-0 e5 8. d5 Nc5 9. Qc2 a5 10. a3 a4 11. Nd2 h6 12. b4 axb3 13. Nxb3 Nxb3 14. Qxb3 Nd7 15. Bb2 Nc5 16. Qc2 f5 17. f3 f4 18. Rad1 Qg5 19. Kh1 Qh4 20. Rg1 g5 21. Rd2 h5 22. g3 fxg3 23. Rxg3 g4 24. Kg1 Bh6 25. fxg4 Bxd2 26. gxh5+ Kh7 27. Qxd2 Qf4 28. Qe1 Bd7 29. Bc1 Qf7 30. Qd2 1/2-1/2

[Event "Aracaju op"]
[Site "Aracaju"]
[Date "2024.10.18"]
[Round "1"]
[White "Lima, Eric dos Santos"]
[Black "Ferreira, Enzo Suzarte"]
[Result "0-1"]
[WhiteElo "1800"]
[BlackElo "1984"]
[PlyCount "115"]
[EventDate "2024.10.18"]
[EventType "swiss"]
[EventRounds "6"]
[EventCountry "BRA"]
[SourceTitle "CB44_2024"]
[Source "Chessbase"]
[SourceDate "2024.10.30"]
[SourceVersion "1"]
[SourceVersionDate "2024.10.30"]
[SourceQuality "1"]

1. e4 c5 2. Nf3 d6 3. d4 cxd4 4. Nxd4 Nf6 5. Nc3 a6 6. a4 e5 7. Nde2 Be7 8. g3 Be6 9. Bg2 Nc6 10. Nd5 0-0 11. 0-0 Bxd5 12. exd5 Nb8 13. h3 Nbd7 14. Be3 Rc8 15. a5 Qc7 16. Nc3 h6 17. Qe2 Nh7 18. Rfc1 f5 19. Na4 Rce8 20. Nb6 f4 21. Nxd7 Qxd7 22. Bb6 Ng5 23. Qg4 Qxg4 24. hxg4 fxg3 25. fxg3 Nf3+ 26. Bxf3 Rxf3 27. Kg2 Ref8 28. Rf1 Rxf1 29. Rxf1 Rxf1 30. Kxf1 Kf7 31. c4 Bg5 32. Ke2 Ke7 33. b4 Kd7 34. Kd3 Bc1 35. c5 Ba3 36. Kc3 e4 37. cxd6 Bc1 38. Bd4 g6 39. Be5 e3 40. Kd3 Bd2 41. Bf4 Bxb4 42. Bxe3 Bxa5 43. Kc4 Kxd6 44. Bxh6 b5+ 45. Kd4 Bb6+ 46. Ke4 a5 47. Bf4+ Kd7 48. Kd3 Bc5 49. Kc2 Be7 50. Bd2 a4 51. Kb2 Bc5 52. Ka2 Kd6 53. Bc1 Kxd5 54. Bb2 Ke4 55. Bc3 Kf3 56. Be1 Kxg4 57. Kb2 Kf3 58. Kc3 0-1